000 00627 a2200193 4500
999 _c2878
_d2878
020 _a1853960101
050 0 0 _aLB 1117 BLE 1988
100 _aBlenkin, Geva M
_eEditor
245 0 0 _aEarly childhood education :
_ba developmental curriculum /
_cedited by Geva M. Blenkin and A.V. Kelly
264 _aLondon:
_bPaul Chapman Publishing Ltd,
_c1987
300 _axix, 290p. ;
440 0 _aPCP education series
500 _aIncludes indexes.
504 _aBibliography: p. 258-275.
650 0 _aEarly childhood education
_xCurricula
650 0 _aChild development.
700 1 _aKelly, A. V.
942 _2lcc
_cBK
_h117
_iBLE
_kLB